[Event "Bad Wiessee Senioren Cup 8th"]
[Site "Bad Wiessee"]
[Date "2019.05.12"]
[Round "2"]
[White "Chan, Peng Kong"]
[Black "Foerster, Rudi"]
[Result "1-0"]
[WhiteElo "2129"]
[BlackElo "1836"]
[PlyCount "21"]
[EventDate "2019.05.11"]
[EventType "swiss"]
[EventRounds "9"]
[EventCountry "GER"]
[SourceTitle "EXT 2020"]
[Source "ChessBase"]
[SourceDate "2019.10.17"]
[SourceVersion "1"]
[SourceVersionDate "2019.10.17"]
[SourceQuality "1"]

1. Nf3 d5 2. g3 c5 3. c4 d4 4. b4 cxb4 5. a3 Nc6 6. axb4 e5 7. b5 e4 8. bxc6 exf3 9. Qa4 fxe2 10. Bg2 bxc6 11. Qxc6+ 1-0

[Event "Hessen-chB"]
[Site "Korbach"]
[Date "2013.03.28"]
[Round "3"]
[White "Foerster, Rudi"]
[Black "Dinslage, Klaus Dieter"]
[Result "1-0"]
[WhiteElo "1882"]
[BlackElo "1540"]
[PlyCount "53"]
[EventDate "2013.03.27"]
[EventType "swiss"]
[EventRounds "7"]
[EventCountry "GER"]
[SourceTitle "EXT 2014"]
[Source "ChessBase"]
[SourceDate "2013.11.20"]
[SourceVersion "1"]
[SourceVersionDate "2013.11.20"]
[SourceQuality "1"]

1. e4 e5 2. Nf3 Nc6 3. Bb5 d6 4. d4 exd4 5. Bxc6+ bxc6 6. Qxd4 Ba6 7. Bg5 Qd7 8. Nc3 c5 9. Qd2 f6 10. Bf4 Ne7 11. 0-0-0 Ng6 12. e5 Nxf4 13. Qxf4 dxe5 14. Nxe5 Bd6 15. Qe4 fxe5 16. Qxa8+ Bc8 17. f4 0-0 18. fxe5 c6 19. Rxd6 Qf5 20. Qxc6 Qf4+ 21. Kb1 Be6 22. Rc1 Rc8 23. Qe4 Qf7 24. Rcd1 g6 25. Qf3 Qe8 26. Qf6 Bf5 27. Rd8 1-0

[Event "Hessen-ch Gr-C 65th"]
[Site "Gladenbach"]
[Date "2011.04.23"]
[Round "6"]
[White "Bauch, Frank"]
[Black "Foerster, Rudi"]
[Result "1/2-1/2"]
[WhiteElo "1978"]
[BlackElo "1949"]
[PlyCount "113"]
[EventDate "2011.04.20"]
[EventType "swiss"]
[EventRounds "7"]
[EventCountry "GER"]
[SourceTitle "CBM 142 Extra"]
[Source "ChessBase"]
[SourceDate "2011.06.27"]
[SourceVersion "1"]
[SourceVersionDate "2011.06.27"]
[SourceQuality "1"]

1. d4 d5 2. c4 Nc6 3. Nf3 Bg4 4. cxd5 Bxf3 5. gxf3 Qxd5 6. e3 e5 7. Nc3 Bb4 8. Bd2 Bxc3 9. bxc3 Qe6 10. Qb3 Qxb3 11. axb3 0-0-0 12. Bb5 Nge7 13. 0-0 a6 14. Be2 Nf5 15. Bc1 exd4 16. cxd4 Rhe8 17. Bc4 Nd6 18. Ba3 Nxc4 19. bxc4 Re6 20. Kh1 Rf6 21. f4 Rg8 22. d5 Nb8 23. Bb2 Rb6 24. Bd4 Rb4 25. Rfc1 f5 26. Rc2 g5 27. fxg5 Rxg5 28. Rg1 Rxg1+ 29. Kxg1 Kd7 30. Kg2 Kd6 31. Kf3 c6 32. Bg7 Nd7 33. dxc6 Kxc6 34. Bd4 Nb6 35. Bxb6 Kxb6 36. Kf4 Kc5 37. Kxf5 Rxc4 38. Rxc4+ Kxc4 39. e4 b5 40. e5 b4 41. e6 b3 42. e7 b2 43. e8Q b1Q+ 44. Kf4 Qg6 45. Qa4+ Kc3 46. Qa3+ Kc2 47. Qa2+ Kd1 48. Qa1+ Ke2 49. Qb2+ Kf1 50. Kf3 Qd3+ 51. Kg4 Qg6+ 52. Kf3 Qf5+ 53. Kg3 a5 54. Qc1+ Ke2 55. Qc4+ Kd2 56. Qa2+ Kc3 57. Qa3+ 1/2-1/2

[Event "Hessen-ch Gr-C 64th"]
[Site "Bad Vilbel"]
[Date "2010.04.02"]
[Round "5"]
[White "Eibelshaeuser, Stefan"]
[Black "Foerster, Rudi"]
[Result "0-1"]
[WhiteElo "2057"]
[BlackElo "1939"]
[PlyCount "128"]
[EventDate "2010.03.31"]
[EventType "swiss"]
[EventRounds "7"]
[EventCountry "GER"]
[SourceTitle "EXT 2011"]
[Source "ChessBase"]
[SourceDate "2010.11.26"]
[SourceVersion "1"]
[SourceVersionDate "2010.11.26"]
[SourceQuality "1"]

1. d4 d5 2. c4 Nc6 3. Nf3 Bg4 4. cxd5 Bxf3 5. gxf3 Qxd5 6. e3 e5 7. Nc3 Bb4 8. Bd2 Bxc3 9. bxc3 Qd6 10. Qb3 Nge7 11. Rg1 0-0 12. Bd3 Rfd8 13. Rb1 exd4 14. cxd4 Ne5 15. Be2 c5 16. Bc3 cxd4 17. Bxd4 N7c6 18. Bc3 Qd5 19. Qb2 f6 20. Qxb7 Ng6 21. Qb3 Qxb3 22. Rxb3 Nce5 23. f4 Nd3+ 24. Bxd3 Rxd3 25. Ke2 Rad8 26. Rgb1 a6 27. Bd4 Nxf4+ 28. Kf1 Rxb3 29. axb3 Ne6 30. Bc3 Rb8 31. Ke2 Nc5 32. b4 Rb5 33. Bd4 Na4 34. Kd3 Nb6 35. Bxb6 Rxb6 36. Kc4 Rc6+ 37. Kd5 Rc2 38. Ra1 Rb2 39. Kc5 Rxf2 40. Rxa6 g5 41. b5 Rc2+ 42. Kd5 Rxh2 43. b6 Rb2 44. Kc6 Rc2+ 45. Kd7 Rb2 46. Kc7 Rc2+ 47. Kb8 Rc6 48. Kb7 Re6 49. Ra3 g4 50. Ka7 h5 51. b7 Re7 52. Kb6 Rxb7+ 53. Kxb7 g3 54. Ra2 h4 55. Rg2 Kf7 56. Kc7 Ke6 57. Kd8 f5 58. Ke8 Ke5 59. Kf7 Ke4 60. Kf6 Kf3 61. Ra2 g2 62. Rxg2 Kxg2 63. Kxf5 h3 64. e4 h2 0-1

[Event "Karl Mala Memorial op 12th"]
[Site "Frankfurt"]
[Date "2009.07.17"]
[Round "2"]
[White "Stadtmueller, Harald"]
[Black "Foerster, Rudi"]
[Result "1-0"]
[WhiteElo "2160"]
[BlackElo "1944"]
[PlyCount "67"]
[EventDate "2009.07.16"]
[EventType "swiss"]
[EventRounds "7"]
[EventCountry "GER"]
[SourceTitle "EXT 2010"]
[Source "ChessBase"]
[SourceDate "2010.11.25"]
[SourceVersion "1"]
[SourceVersionDate "2010.11.25"]
[SourceQuality "1"]

1. d4 d5 2. Nf3 Nc6 3. Bf4 Nf6 4. e3 Bg4 5. h3 Bxf3 6. Qxf3 e6 7. Nd2 Nb4 8. Qd1 Bd6 9. c3 Bxf4 10. exf4 Nc6 11. Bd3 Qd6 12. Qf3 Nd7 13. 0-0 0-0-0 14. Rae1 f6 15. Bb5 e5 16. fxe5 fxe5 17. Bxc6 bxc6 18. dxe5 Nxe5 19. Qf5+ Nd7 20. Re6 Qc5 21. Nb3 Qb6 22. Nd4 Rdf8 23. Qc2 Rf6 24. Rfe1 Nc5 25. Rxf6 gxf6 26. Qf5+ Kb7 27. Qxf6 Rc8 28. Nf5 Ne4 29. Qd4 Qxb2 30. Ne7 Rf8 31. Nxd5 Rxf2 32. Qb4+ Kc8 33. Ne7+ Kd7 34. Qxe4 1-0

[Event "Hessen-ch Gr-C"]
[Site "Idstein"]
[Date "2009.04.09"]
[Round "2"]
[White "Engelbert, Thomas"]
[Black "Foerster, Rudi"]
[Result "1-0"]
[WhiteElo "1716"]
[BlackElo "1936"]
[PlyCount "55"]
[EventDate "2009.04.08"]
[EventType "swiss"]
[EventRounds "7"]
[EventCountry "GER"]
[SourceTitle "EXT 2010"]
[Source "ChessBase"]
[SourceDate "2010.11.25"]
[SourceVersion "1"]
[SourceVersionDate "2010.11.25"]
[SourceQuality "1"]

1. d4 d5 2. c4 Nc6 3. Nc3 dxc4 4. e3 Nf6 5. Bxc4 e6 6. Nge2 Na5 7. Bd3 c5 8. 0-0 c4 9. Bxc4 Qc7 10. Bd3 Bd7 11. Ng3 h5 12. h3 Bd6 13. Nce4 Nxe4 14. Nxe4 Bh2+ 15. Kh1 h4 16. Bd2 Nc6 17. Nc5 0-0-0 18. Rc1 g5 19. b4 e5 20. Nxd7 exd4 21. b5 Qxd7 22. bxc6 bxc6 23. Qf3 Kb7 24. Be4 dxe3 25. Bxc6+ Kb8 26. Bxd7 exd2 27. Rb1+ Kc7 28. Qc6# 1-0

[Event "Rhein Main op 11th"]
[Site "Bad Homburg"]
[Date "2008.05.23"]
[Round "4"]
[White "Wahedi, Ahmad Siar"]
[Black "Foerster, Rudi"]
[Result "1-0"]
[WhiteElo "2272"]
[BlackElo "1914"]
[PlyCount "103"]
[EventDate "2008.05.21"]
[EventType "swiss"]
[EventRounds "7"]
[EventCountry "GER"]
[SourceTitle "CBM 124 Extra"]
[Source "ChessBase"]
[SourceDate "2008.07.03"]
[SourceVersion "1"]
[SourceVersionDate "2008.07.03"]
[SourceQuality "1"]

1. e4 c5 2. Nc3 Nc6 3. g3 g6 4. Bg2 Bg7 5. d3 e6 6. Be3 Nd4 7. Qd2 Ne7 8. Nf3 Nec6 9. Nd1 d5 10. Nxd4 cxd4 11. Bh6 0-0 12. h4 Bxh6 13. Qxh6 Qa5+ 14. Kf1 Ne5 15. h5 Ng4 16. Qg5 e5 17. Qe7 Qd8 18. Qxd8 Rxd8 19. exd5 Nf6 20. hxg6 fxg6 21. c4 Bf5 22. Ke2 Rac8 23. Re1 b5 24. b3 e4 25. dxe4 Bxe4 26. Bxe4 Nxe4 27. Kd3 Nd6 28. Rc1 Nf5 29. Re5 Kf7 30. Rxf5+ gxf5 31. Kxd4 Re8 32. Ne3 Re4+ 33. Kd3 bxc4+ 34. bxc4 Kf6 35. f3 Re7 36. Kd4 Rce8 37. Rc3 f4 38. gxf4 h5 39. c5 Rb7 40. d6 Rb4+ 41. Kd5 Rxf4 42. d7 Re5+ 43. Kc6 Rd4 44. Kc7 Ke7 45. c6 h4 46. Rc4 Rd2 47. Re4 Rxe4 48. fxe4 h3 49. Nd5+ Kf7 50. d8Q h2 51. Qf6+ Kg8 52. Ne7+ 1-0

[Event "Rhein Main op 11th"]
[Site "Bad Homburg"]
[Date "2008.05.22"]
[Round "2"]
[White "Schmid, Herbert"]
[Black "Foerster, Rudi"]
[Result "1/2-1/2"]
[WhiteElo "1638"]
[BlackElo "1914"]
[PlyCount "82"]
[EventDate "2008.05.21"]
[EventType "swiss"]
[EventRounds "7"]
[EventCountry "GER"]
[SourceTitle "CBM 124 Extra"]
[Source "ChessBase"]
[SourceDate "2008.07.03"]
[SourceVersion "1"]
[SourceVersionDate "2008.07.03"]
[SourceQuality "1"]

1. e4 c5 2. Nf3 Nc6 3. g3 d6 4. d3 g6 5. Nbd2 Bg7 6. Bg2 e6 7. 0-0 Nge7 8. Re1 0-0 9. c3 Rb8 10. Nf1 b5 11. Bf4 b4 12. e5 d5 13. h4 Qb6 14. N1h2 bxc3 15. bxc3 Qb2 16. Qd2 Qxd2 17. Nxd2 Ba6 18. Bf1 Rb2 19. Ng4 Kh8 20. Nf6 Nxe5 21. Bxe5 Rxd2 22. Nd7 Bxe5 23. Rxe5 Rc8 24. h5 Kg7 25. hxg6 hxg6 26. Re3 Nf5 27. Rf3 Nh6 28. a4 Rb2 29. Ne5 Rc7 30. Re3 d4 31. cxd4 cxd4 32. Re2 Rcc2 33. Rxc2 Rxc2 34. Rb1 f6 35. Nc4 e5 36. f3 Nf5 37. f4 exf4 38. gxf4 Nh4 39. Rb2 Nf3+ 40. Kh1 Rc1 41. Kg2 Nh4+ 1/2-1/2

[Event "Rhein Main op 11th"]
[Site "Bad Homburg"]
[Date "2008.05.21"]
[Round "1"]
[White "Foerster, Rudi"]
[Black "Schneider Zinner, Harald"]
[Result "0-1"]
[WhiteElo "1914"]
[BlackElo "2350"]
[PlyCount "96"]
[EventDate "2008.05.21"]
[EventType "swiss"]
[EventRounds "7"]
[EventCountry "GER"]
[SourceTitle "CBM 124 Extra"]
[Source "ChessBase"]
[SourceDate "2008.07.03"]
[SourceVersion "1"]
[SourceVersionDate "2008.07.03"]
[SourceQuality "1"]

1. e4 e5 2. Nf3 d6 3. d4 exd4 4. Qxd4 a6 5. Bg5 Nc6 6. Qc3 Nf6 7. Bxf6 Qxf6 8. Qxf6 gxf6 9. Nc3 f5 10. Nd5 Kd8 11. e5 Nxe5 12. Nxe5 dxe5 13. 0-0-0 Bd6 14. Nb6 Rb8 15. Nxc8 Rxc8 16. g3 Ke7 17. Bg2 c6 18. Bh3 Rcd8 19. Bxf5 Kf6 20. g4 h5 21. h3 Bc5 22. Rxd8 Rxd8 23. Bd3 Kg5 24. f3 Kf4 25. Be4 Be3+ 26. Kb1 h4 27. c3 Rd2 28. Re1 f6 29. a4 a5 30. b4 axb4 31. cxb4 Rd4 32. b5 Rb4+ 33. Kc2 cxb5 34. axb5 Rxb5 35. Kd3 Rb3+ 36. Kc2 Rb6 37. Kd3 Rd6+ 38. Kc4 b6 39. Re2 Rd1 40. Rg2 Rd2 41. Rxd2 Bxd2 42. Kd5 Kg3 43. g5 Bxg5 44. Bf5 Kxf3 45. Kc4 e4 46. Kc3 e3 47. Kd3 Kf2 48. Bg4 f5 0-1

[Event "Frankfurt-ch"]
[Site "Frankfurt"]
[Date "2008.05.05"]
[Round "2"]
[White "Grimm, Heinz Peter"]
[Black "Foerster, Rudi"]
[Result "0-1"]
[WhiteElo "1402"]
[BlackElo "1914"]
[PlyCount "74"]
[EventDate "2008.04.28"]
[EventType "swiss"]
[EventRounds "7"]
[EventCountry "GER"]
[SourceTitle "EXT 2009"]
[Source "ChessBase"]
[SourceDate "2008.11.26"]
[SourceVersion "1"]
[SourceVersionDate "2008.11.26"]
[SourceQuality "1"]

1. d4 d5 2. Nc3 Bf5 3. Bf4 c6 4. e3 Nf6 5. Bd3 Bg6 6. Nf3 e6 7. 0-0 Nbd7 8. a3 Be7 9. Re1 Nh5 10. Qd2 Bxd3 11. Qxd3 Nxf4 12. exf4 0-0 13. Ne5 Bd6 14. Re3 c5 15. Rh3 g6 16. Nxd7 Qxd7 17. dxc5 Bxc5 18. Ne4 Be7 19. Qd4 Qd8 20. Ng3 Bf6 21. Qb4 Qc7 22. c3 Rab8 23. Rd1 a5 24. Qb5 Qxf4 25. Qxa5 b5 26. Qa7 Qa4 27. Qxa4 bxa4 28. Rd2 Rb3 29. Ne2 Rfb8 30. f3 Rxb2 31. Rxb2 Rxb2 32. Kf1 Rb3 33. f4 Rxa3 34. Ke1 Ra2 35. Rd3 a3 36. Kd1 Rb2 37. Kc1 Rxe2 0-1

[Event "Giessen-ch"]
[Site "Giessen"]
[Date "2008.04.04"]
[Round "5"]
[White "Foerster, Rudi"]
[Black "Will, Dominik"]
[Result "1/2-1/2"]
[WhiteElo "1914"]
[BlackElo "1585"]
[PlyCount "40"]
[EventDate "2008.02.01"]
[EventType "swiss"]
[EventRounds "7"]
[EventCountry "GER"]
[SourceTitle "EXT 2010"]
[Source "ChessBase"]
[SourceDate "2010.11.25"]
[SourceVersion "1"]
[SourceVersionDate "2010.11.25"]
[SourceQuality "1"]

1. e4 d6 2. d4 Nf6 3. Nc3 Nbd7 4. Bg5 e5 5. Nf3 Be7 6. Qd2 c6 7. 0-0-0 0-0 8. h4 b5 9. Bxf6 Bxf6 10. g4 Qa5 11. dxe5 Nxe5 12. Nxe5 Bxe5 13. f4 Bxc3 14. Qxc3 b4 15. Qxc6 Qxa2 16. Bc4 Qa1+ 17. Kd2 Qxb2 18. Bd5 Bxg4 19. Rdg1 Qd4+ 20. Kc1 Qa1+ 1/2-1/2

[Event "Hessen-ch Gr-C 62nd"]
[Site "Hanau"]
[Date "2008.03.20"]
[Round "3"]
[White "Foerster, Rudi"]
[Black "Ritscher, Georg"]
[Result "1/2-1/2"]
[WhiteElo "1914"]
[BlackElo "1993"]
[PlyCount "33"]
[EventDate "2008.03.19"]
[EventType "swiss"]
[EventRounds "7"]
[EventCountry "GER"]
[SourceTitle "CBM 123 Extra"]
[Source "ChessBase"]
[SourceDate "2008.05.06"]
[SourceVersion "1"]
[SourceVersionDate "2008.05.06"]
[SourceQuality "1"]

1. e4 e5 2. Nf3 Nc6 3. Bb5 a6 4. Bxc6 dxc6 5. 0-0 Bd6 6. d4 exd4 7. Qxd4 f6 8. Nbd2 Ne7 9. Re1 Ng6 10. Qc4 Ne5 11. Nxe5 Bxe5 12. Nf3 Qe7 13. Nxe5 Qxe5 14. f4 Qe6 15. Qe2 0-0 16. Bd2 Bd7 17. Bc3 1/2-1/2

[Event "Giessen-ch"]
[Site "Giessen"]
[Date "2008.03.14"]
[Round "4"]
[White "Szwarc, Klaus Peter"]
[Black "Foerster, Rudi"]
[Result "1-0"]
[WhiteElo "1892"]
[BlackElo "1914"]
[PlyCount "59"]
[EventDate "2008.02.01"]
[EventType "swiss"]
[EventRounds "7"]
[EventCountry "GER"]
[SourceTitle "EXT 2010"]
[Source "ChessBase"]
[SourceDate "2010.11.25"]
[SourceVersion "1"]
[SourceVersionDate "2010.11.25"]
[SourceQuality "1"]

1. c4 e5 2. Nc3 g6 3. d4 Bg7 4. dxe5 Bxe5 5. Nf3 Bg7 6. e4 d6 7. Be2 Be6 8. Ng5 Nc6 9. Nxe6 fxe6 10. h4 h6 11. Be3 Qf6 12. Qa4 Nge7 13. Rd1 0-0 14. Rd2 a6 15. f4 e5 16. g3 Nd4 17. h5 c5 18. Qd7 Rab8 19. hxg6 exf4 20. gxf4 Rfd8 21. Qh3 Nxg6 22. Nd5 Qf8 23. Bh5 Ne7 24. Bxd4 Nxd5 25. Bxg7 Qxf4 26. Bxh6 Qxe4+ 27. Be2 Qb1+ 28. Rd1 Qxb2 29. Qe6+ Kh7 30. Bc1+ 1-0

[Event "Giessen-ch"]
[Site "Giessen"]
[Date "2008.02.29"]
[Round "3"]
[White "Foerster, Rudi"]
[Black "Rudolph, Peter"]
[Result "1/2-1/2"]
[WhiteElo "1914"]
[BlackElo "2172"]
[PlyCount "86"]
[EventDate "2008.02.01"]
[EventType "swiss"]
[EventRounds "7"]
[EventCountry "GER"]
[SourceTitle "EXT 2010"]
[Source "ChessBase"]
[SourceDate "2010.11.25"]
[SourceVersion "1"]
[SourceVersionDate "2010.11.25"]
[SourceQuality "1"]

1. e4 c5 2. c3 Nf6 3. e5 Nd5 4. d4 cxd4 5. Qxd4 e6 6. Nf3 Nc6 7. Qe4 d6 8. Bb5 Bd7 9. exd6 Bxd6 10. 0-0 0-0 11. Bg5 Be7 12. Bxe7 Qxe7 13. Re1 Qc5 14. Bd3 Nf6 15. Qe3 Qe7 16. Nbd2 Rae8 17. Ne5 Nxe5 18. Qxe5 Bc6 19. Ne4 Nxe4 20. Bxe4 Rc8 21. Qh5 Bxe4 22. Rxe4 Rc5 23. Qe2 Rd8 24. Rd1 Rcd5 25. Rxd5 Rxd5 26. c4 Rd7 27. g3 Qd8 28. Rh4 h6 29. c5 Rd1+ 30. Kg2 Qd5+ 31. Qe4 Qd7 32. b4 f5 33. Qc4 Qc6+ 34. Kh3 Rg1 35. f3 Qxf3 36. Qxe6+ Kf8 37. Qd6+ Kf7 38. Qd7+ Kg6 39. Qe6+ Kg5 40. Qe7+ Kg6 41. Qe6+ Kh7 42. Rxh6+ gxh6 43. Qf7+ Kh8 1/2-1/2

[Event "Hessen-ch qual-C"]
[Site "Erlensee"]
[Date "2007.04.05"]
[Round "2"]
[White "Gutacker, Stephan"]
[Black "Foerster, Rudi"]
[Result "1/2-1/2"]
[WhiteElo "1980"]
[BlackElo "1962"]
[PlyCount "34"]
[EventDate "2007.04.04"]
[EventType "swiss"]
[EventRounds "7"]
[EventCountry "GER"]
[SourceTitle "CBM 117 Extra"]
[Source "ChessBase"]
[SourceDate "2007.05.09"]
[SourceVersion "1"]
[SourceVersionDate "2007.05.09"]
[SourceQuality "1"]

1. e4 c5 2. c3 d5 3. exd5 Qxd5 4. d4 Nf6 5. Nf3 Bg4 6. Be2 e6 7. 0-0 Nc6 8. Be3 0-0-0 9. Qa4 Qh5 10. Nbd2 Bd6 11. dxc5 Bxh2+ 12. Nxh2 Bxe2 13. Rfe1 Ng4 14. Nxg4 Bxg4 15. Ne4 Ne5 16. Ng3 Qg6 17. Qxa7 h5 1/2-1/2